000 00744nam a2200265Ia 4500
003 OSt
005 20220918164735.0
006 a|||||r|||| 00| 0
007 ta
008 220917b |||||||| |||| 00| 0 eng d
020 _a0745317251 (hbk)
024 _a194,193
037 _cTextual
040 _aARTS
_cARTS
_beng
041 _2eng
_aeng
082 _aW6.6.N9, P1
100 _aMohamed Salih M.A.
_920416
245 0 _aAfrican democracies and African politics
260 _aLondon
_bPluto Press
_c2001
300 _avi,234p.
_ccm.
490 _aHuman security in the global economy
650 _aDEMOCRACY; POLITICAL SCIENCE
942 _hW6.6.N9, P1
_cTEXL
_2CC
999 _c126292
_d126292